UBT Library

PSYCHIATRIC MENTAL HEALTH NURSING (Record no. 2796)

000 -LEADER
fixed length control field 00272nam a22001097a 4500
008 - FIXED-LENGTH DATA ELEMENTS--GENERAL INFORMATION
fixed length control field 170112b xxu||||| |||| 00| 0 eng d
020 ## - INTERNATIONAL STANDARD BOOK NUMBER
International Standard Book Number 9780803619180
041 ## - LANGUAGE CODE
Language code of text/sound track or separate title eng
080 ## - UNIVERSAL DECIMAL CLASSIFICATION NUMBER
Edition identifier 6TH
Universal Decimal Classification number 618.2
245 ## - TITLE STATEMENT
Title PSYCHIATRIC MENTAL HEALTH NURSING
Statement of responsibility, etc TOWNSEND, M.C
942 ## - ADDED ENTRY ELEMENTS (KOHA)
Source of classification or shelving scheme
Item type Books
Holdings
Withdrawn status Lost status Source of classification or shelving scheme Damaged status Not for loan Collection code Permanent location Current location Shelving location Date acquired Total Checkouts Full call number Barcode Date last seen Price effective from Koha item type
          Koleksioni i përgjithshem UBT - Lipjan UBT - Lipjan Koleksioni i përgjithshem 01/12/2017   618.2 TOW 002-029771 01/12/2017 01/12/2017 Books
          Koleksioni i përgjithshem UBT - Lipjan UBT - Lipjan Koleksioni i përgjithshem 06/02/2021   159.9 TOW 002-7003559 06/02/2021 06/02/2021 Books
          Koleksioni i përgjithshem UBT - Lipjan UBT - Lipjan   06/01/2023   159.9TOW 002-800080480 06/01/2023 06/01/2023 Books
UBT Library © 2015-2024. All rights reserved University Education for Business and Technology